music trivia: 2013 songs and artists - Statistics

General Stats
  • This quiz has been taken 190 times
    173 since last reset
  • The average score is 7 of 13
Answer Stats
For this 2013 song can you... ...name the artist or group who did it? % Correct
Roar Katy Perry
94%
Royals Lorde
90%
I Knew You Were Trouble Taylor Swift
84%
Counting Stars OneRepublic
81%
Just Give Me a Reason Pink feat. Nate Ruess
78%
Get Lucky Daft Punk feat. Pharrell Williams
75%
Pompeii Bastille
69%
We Can't Stop Miley Cyrus
51%
The Fox (What Does the Fox Say?) Ylvis
32%
Cups (When I'm Gone) Anna Kendrick
25%
Wagon Wheel Darius Rucker
19%
Follow Your Arrow Kacey Musgraves
9%
Babel Mumford & Sons
7%
No matching quizzes found
Score Distribution
Percent of People with Each Score
Percentile by Number Answered
Your Score History
You have not taken this quiz since the last reset